| 000 -LEADER |
| fixed length control field |
00907cam a2200217Ia 4500 |
| 020 ## - INTERNATIONAL STANDARD BOOK NUMBER |
| ISBN |
0942717627 |
| 040 ## - CATALOGING SOURCE |
| Transcribing agency |
IWA |
| 082 ## - DEWEY DECIMAL CLASSIFICATION NUMBER |
| Classification number |
BRO ETH 1994 C077 Or. |
| 245 00 - TITLE STATEMENT |
| Title |
Ethnoveterinary medicine in Asia : |
| Remainder of title |
an information kit on traditional animal health care practices / |
| 300 ## - PHYSICAL DESCRIPTION |
| Number of Pages |
4 volumes : |
| Other physical details |
illustrations ; |
| Dimensions |
21 cm |
| 500 ## - GENERAL NOTE |
| General note |
Collaborating organizations, Brot f©ơr die Welt (Bread for the World) and others |
| 500 ## - GENERAL NOTE |
| General note |
The manuals are the result of a workshop initiated by staff members of IIRR and the Philippine Program of Heifer Project International, held on July 11-24, 1994 |
| 650 #0 - SUBJECT ADDED ENTRY--TOPICAL TERM |
| Topical Term |
Veterinary alternative medicine |
| 650 #0 - SUBJECT ADDED ENTRY--TOPICAL TERM |
| Topical Term |
Traditional medicine. |
| 650 #0 - SUBJECT ADDED ENTRY--TOPICAL TERM |
| Topical Term |
Veterinary medicine |
| 700 1# - ADDED ENTRY--PERSONAL NAME |
| Personal name |
Abbass, David |
| 710 2# - ADDED ENTRY--CORPORATE NAME |
| Corporate name or jurisdiction name as entry element |
International Institute of Rural Reconstruction. |
| 710 2# - ADDED ENTRY--CORPORATE NAME |
| Corporate name or jurisdiction name as entry element |
Heifer Project. |
| 710 2# - ADDED ENTRY--CORPORATE NAME |
| Corporate name or jurisdiction name as entry element |
Bread for the World (Organization) |
| 942 ## - ADDED ENTRY ELEMENTS (KOHA) |
| Koha item type |
ADB |
| 952 ## - LOCATION AND ITEM INFORMATION (KOHA) |
| Withdrawn status [LOCAL, KOHA] |
0 |